[Event "Benidorm 2003 - sub2300"]
[Site "Benidorm ESP"]
[Date "2003.11.25"]
[Round "6.74"]
[White "Insa Alfonso, Pablo"]
[Black "Reves Balleste, Jose"]
[Result "1/2-1/2"]
[WhiteElo "2105"]
[BlackElo "2045"]
[PlyCount "133"]
[EventDate "2003.11.21"]
[EventType "swiss"]
[EventRounds "9"]
[EventCountry "ESP"]
[Source "lmi"]
[SourceDate "2003.11.21"]

1. e4 e5 2. Nf3 d6 3. Bc4 h6 4. d3 Bg4 5. O-O Be7 6. Nbd2 Nf6 7. c3 Nbd7 8. Bb3
Nc5 9. Bc2 O-O 10. b4 Ncd7 11. Nc4 b6 12. Ne3 Bh5 13. Nf5 Nh7 14. Qe1 Bxf3 15.
gxf3 Bg5 16. Kh1 Bxc1 17. Qxc1 Qg5 18. Rg1 Qxc1 19. Raxc1 g6 20. Nxh6+ Kg7 21.
Nf5+ Kf6 22. Ne3 c6 23. c4 Rac8 24. Ba4 Ke7 25. Nc2 c5 26. Bxd7 Kxd7 27. b5 Nf6
28. Ne3 Nh5 29. Nd5 Rh8 30. Rg2 Ke6 31. Kg1 Nf6 32. Nxf6 Kxf6 33. Kf1 Rh3 34.
Ke2 Rch8 35. Rh1 Ke7 36. a4 Kd7 37. a5 Kc7 38. axb6+ axb6 39. f4 exf4 40. Rg4
R3h4 41. Rxh4 Rxh4 42. Kf3 g5 43. h3 f6 44. Kg2 Kb7 45. Rd1 Rh8 46. d4 Kc7 47.
dxc5 dxc5 48. Rd5 Re8 49. Kf3 Rh8 50. Kg4 Rh4+ 51. Kf5 Rxh3 52. Kxf6 g4 53. Rg5
g3 54. fxg3 Rxg3 55. Rf5 Rc3 56. Rxf4 Rxc4 57. Ke6 Rd4 58. Rf7+ Kc8 59. e5 c4
60. Rf1 c3 61. Rc1 Rc4 62. Ke7 c2 63. e6 Rc3 64. Kd6 Kb7 65. Kd5 Kc7 66. Kd4
Rc5 67. Kd3 1/2-1/2

[Event "Benidorm 2003 - sub2300"]
[Site "Benidorm ESP"]
[Date "2003.11.25"]
[Round "6.75"]
[White "Pellicer Coloma, Pedro"]
[Black "Alonso Contreras, Mario El"]
[Result "0-1"]
[WhiteElo "2103"]
[BlackElo "2031"]
[PlyCount "102"]
[EventDate "2003.11.21"]
[EventType "swiss"]
[EventRounds "9"]
[EventCountry "ESP"]
[Source "lmi"]
[SourceDate "2003.11.21"]

1. d4 Nf6 2. Nf3 g6 3. e3 c5 4. Bd3 Bg7 5. O-O cxd4 6. exd4 O-O 7. Re1 d6 8.
Bg5 h6 9. Bf4 Nc6 10. c3 Kh7 11. Qc2 Bg4 12. Nh4 Bh5 13. Nd2 Rc8 14. Qb1 Kg8
15. Nhf3 Bg4 16. h3 Bd7 17. Ne4 Nd5 18. Bd2 e5 19. Nxd6 exd4 20. c4 Ndb4 21.
Nxc8 Qxc8 22. Bxb4 Nxb4 23. a3 Nxd3 24. Qxd3 Bf5 25. Qd2 Qxc4 26. Rac1 Qd5 27.
Re7 Bxh3 28. Rcc7 Bf6 29. Re2 Bg4 30. Qd3 Bf5 31. Qc4 Qxc4 32. Rxc4 Bd3 33.
Rec2 Bxc2 34. Rxc2 Re8 35. Kf1 d3 36. Rd2 Re2 37. b3 Rxd2 38. Nxd2 Bb2 39. a4
f5 40. Nc4 Bc3 41. Nd6 Kg7 42. Nxb7 Kf6 43. Nc5 d2 44. Ke2 Ke5 45. f3 Kf4 46.
b4 Kg3 47. b5 Kxg2 48. Nb3 h5 49. Nxd2 h4 50. Nc4 h3 51. a5 Bxa5 0-1

[Event "Benidorm 2003 - sub2300"]
[Site "Benidorm ESP"]
[Date "2003.11.25"]
[Round "6.76"]
[White "Torras Campdelacreu, Xavier"]
[Black "Perez Pascual, Arturo"]
[Result "0-1"]
[WhiteElo "2052"]
[BlackElo "2095"]
[PlyCount "98"]
[EventDate "2003.11.21"]
[EventType "swiss"]
[EventRounds "9"]
[EventCountry "ESP"]
[Source "lmi"]
[SourceDate "2003.11.21"]

1. d4 d5 2. Nf3 Nf6 3. g3 c6 4. Bg2 Bg4 5. Nbd2 Nbd7 6. O-O e6 7. c4 Be7 8. a3
a5 9. h3 Bh5 10. Re1 Ne4 11. Qb3 Nxd2 12. Bxd2 Qb6 13. Qxb6 Nxb6 14. cxd5 cxd5
15. g4 Bg6 16. Ne5 Bc2 17. Rac1 Ba4 18. e4 f6 19. Nd3 Bc6 20. exd5 Bxd5 21.
Bxd5 Nxd5 22. Rxe6 Kf7 23. Rce1 g5 24. f4 h6 25. a4 Rhd8 26. Bc3 b6 27. f5 h5
28. h4 Rg8 29. Kf2 hxg4 30. hxg5 Rxg5 31. Kg3 Rd8 32. Bd2 Rg7 33. Bf4 Rh8 34.
Bd6 Bxd6+ 35. Rxd6 Rh3+ 36. Kg2 Ne3+ 37. Kg1 Rg3+ 38. Kf2 Rf3+ 39. Kg1 Nxf5 40.
Rd7+ Kg6 41. Rxg7+ Kxg7 42. Nf2 Nxd4 43. Re4 g3 44. Nh1 Rd3 45. Rg4+ Kf7 46.
Kg2 Nf5 47. Rf4 Rd2+ 48. Kg1 Ke6 49. Rg4 Rd1+ 0-1

[Event "Benidorm 2003 - sub2300"]
[Site "Benidorm ESP"]
[Date "2003.11.25"]
[Round "6.77"]
[White "Vazquez Gonzalez, Jesus"]
[Black "Costa Costa, Enrique"]
[Result "1/2-1/2"]
[WhiteElo "2082"]
[BlackElo "2035"]
[PlyCount "136"]
[EventDate "2003.11.21"]
[EventType "swiss"]
[EventRounds "9"]
[EventCountry "ESP"]
[Source "lmi"]
[SourceDate "2003.11.21"]

1. e4 e5 2. Nf3 d6 3. d4 Nd7 4. Bc4 c6 5. dxe5 dxe5 6. O-O Be7 7. a4 Ngf6 8.
Nc3 O-O 9. Qe2 Qc7 10. b3 Nb6 11. Bd3 Bg4 12. Bb2 Rfe8 13. Nd1 Bc5 14. Ne3 Bxe3
15. Qxe3 h6 16. h3 Bh5 17. Nh4 Nbd7 18. g4 Bg6 19. Nxg6 fxg6 20. g5 Nh5 21.
gxh6 Nf4 22. Bc4+ Kh7 23. hxg7 Nf6 24. g8=Q+ Nxg8 25. Bxg8+ Kxg8 26. Kh2 Kf7
27. Rg1 Rh8 28. Rg3 Rh4 29. Qc5 Rah8 30. Qxe5 Rxh3+ 31. Rxh3 Rxh3+ 32. Kg1 Qxe5
33. Bxe5 Ne6 34. Rd1 Nc5 35. Re1 Ke6 36. Bd4 Nd7 37. Bxa7 Ne5 38. Re3 Rh7 39.
Bd4 Rf7 40. Bxe5 Kxe5 41. f3 Kf4 42. Rd3 b5 43. axb5 cxb5 44. Kg2 Rc7 45. c3
Rc5 46. b4 Rg5+ 47. Kf2 Rh5 48. Ke2 Rh2+ 49. Kd1 g5 50. Kc1 Rf2 51. Kb1 Rxf3
52. Rxf3+ Kxf3 53. e5 g4 54. e6 g3 55. e7 g2 56. e8=Q g1=Q+ 57. Kb2 Qg2+ 58.
Kb3 Qg5 59. Qc6+ Ke2 60. Qc5 Qg8+ 61. Kb2 Qe8 62. Qd5 Ke1 63. Kb3 Qe2 64. Qh1+
Kd2 65. Qh6+ Kd1 66. Qd6+ Kc1 67. Qf4+ Kb1 68. Qf5+ Kc1 1/2-1/2

[Event "Benidorm 2003 - sub2300"]
[Site "Benidorm ESP"]
[Date "2003.11.25"]
[Round "6.78"]
[White "Llasera Brufau, Joan"]
[Black "Vilarnovo Caamano, Jose"]
[Result "0-1"]
[WhiteElo "2007"]
[BlackElo "2081"]
[PlyCount "45"]
[EventDate "2003.11.21"]
[EventType "swiss"]
[EventRounds "9"]
[EventCountry "ESP"]
[Source "lmi"]
[SourceDate "2003.11.21"]

1. d4 e6 2. Nf3 f5 3. c4 Nf6 4. Bg5 b6 5. g3 Bb7 6. Bg2 Bb4+ 7. Nbd2 h6 8. Bxf6
Qxf6 9. O-O O-O 10. a3 Bxd2 11. Qxd2 d6 12. Nh4 Bxg2 13. Nxg2 Nd7 14. e3 Qf7
15. f4 Nf6 16. Qd3 Ne4 17. Rad1 a5 18. Ne1 Qh5 19. d5 e5 20. Nf3 Rae8 21. b4
axb4 22. axb4 Ra8 23. Ra1 0-1

[Event "Benidorm 2003 - sub2300"]
[Site "Benidorm ESP"]
[Date "2003.11.25"]
[Round "6.79"]
[White "De Lagontrie, Jean"]
[Black "Ridameya Tatche, Jose"]
[Result "1/2-1/2"]
[WhiteElo "1993"]
[BlackElo "2076"]
[PlyCount "61"]
[EventDate "2003.11.21"]
[EventType "swiss"]
[EventRounds "9"]
[EventCountry "ESP"]
[Source "lmi"]
[SourceDate "2003.11.21"]

1. d4 Nf6 2. c4 e6 3. Nc3 d5 4. cxd5 exd5 5. Bg5 Nbd7 6. e3 c6 7. Bd3 Be7 8.
Qc2 h6 9. Bf4 O-O 10. Nf3 b6 11. O-O Nh5 12. Bg3 Bb7 13. Bf5 Nxg3 14. hxg3 Nf6
15. Ne5 Bd6 16. f4 c5 17. Rfd1 cxd4 18. exd4 Bc8 19. Rac1 a6 20. Qd3 b5 21. Ne2
Bxf5 22. Qxf5 Rc8 23. g4 Rxc1 24. Rxc1 Bxe5 25. fxe5 Ne4 26. Qf4 Qb6 27. Kh2 b4
28. Qf5 a5 29. Rc8 Rxc8 30. Qxc8+ Kh7 31. Qf5+ 1/2-1/2

[Event "Benidorm 2003 - sub2300"]
[Site "Benidorm ESP"]
[Date "2003.11.25"]
[Round "6.83"]
[White "Vea, Odin Blikra"]
[Black "Perez Cameselle, Francisco"]
[Result "0-1"]
[WhiteElo "2075"]
[BlackElo "2034"]
[PlyCount "82"]
[EventDate "2003.11.21"]
[EventType "swiss"]
[EventRounds "9"]
[EventCountry "ESP"]
[Source "lmi"]
[SourceDate "2003.11.21"]

1. e4 e6 2. d4 d5 3. Nd2 dxe4 4. Nxe4 Nd7 5. Nf3 Ngf6 6. Nxf6+ Nxf6 7. Bd3 c5
8. Bg5 cxd4 9. Bxf6 gxf6 10. Nxd4 Qa5+ 11. c3 Qe5+ 12. Kf1 Bd7 13. Qb3 O-O-O
14. Re1 Qc7 15. h4 Bc5 16. a4 Kb8 17. Be4 Qb6 18. a5 Qa6+ 19. Kg1 Bxd4 20. cxd4
Bc6 21. Qe3 Bxe4 22. Qxe4 Qxa5 23. Re3 f5 24. Qf3 Rhg8 25. Rb3 Qd5 26. Qf4+ Ka8
27. Rf3 Qxd4 28. Qc7 Qg4 29. Rg3 Rd1+ 30. Kh2 Qxh4+ 31. Rh3 Rxh1+ 32. Kxh1 Qxf2
33. Qh2 Rc8 34. Qg1 Qxg1+ 35. Kxg1 Rc1+ 36. Kh2 a5 37. Rxh7 Rb1 38. Rxf7 Rxb2
39. Re7 Re2 40. Kg3 a4 41. Kf3 Re1 0-1

[Event "Benidorm 2003 - sub2300"]
[Site "Benidorm ESP"]
[Date "2003.11.25"]
[Round "6.85"]
[White "Fernandez Garcia, Ignacio"]
[Black "Amat Tarruella, Albert"]
[Result "1-0"]
[WhiteElo "2006"]
[BlackElo "2003"]
[PlyCount "65"]
[EventDate "2003.11.21"]
[EventType "swiss"]
[EventRounds "9"]
[EventCountry "ESP"]
[Source "lmi"]
[SourceDate "2003.11.21"]

1. e4 c5 2. Nc3 e6 3. Bc4 Nc6 4. Nf3 Nf6 5. e5 Ng4 6. Qe2 Qc7 7. Nb5 Qb8 8. d4
cxd4 9. Bf4 a6 10. Nbxd4 f6 11. Nxc6 bxc6 12. h3 Qxb2 13. O-O fxe5 14. Nxe5 Nf6
15. Bg5 Be7 16. Bxf6 Bxf6 17. Qh5+ g6 18. Nxg6 hxg6 19. Qxg6+ Ke7 20. Rab1 Qe5
21. Rfe1 Qg5 22. Qd3 d5 23. Qa3+ Kf7 24. Be2 Qe5 25. Bg4 Qc7 26. c4 d4 27. Qc5
e5 28. Bf3 Be6 29. Bxc6 Rhc8 30. Rb6 Rcb8 31. Be8+ Rxe8 32. Qxc7+ Re7 33. Qd6
1-0

[Event "Benidorm 2003 - sub2300"]
[Site "Benidorm ESP"]
[Date "2003.11.26"]
[Round "7.1"]
[White "Varas, Carlos"]
[Black "Kutuzov, Denis"]
[Result "1/2-1/2"]
[WhiteElo "2254"]
[BlackElo "2249"]
[PlyCount "50"]
[EventDate "2003.11.21"]
[EventType "swiss"]
[EventRounds "9"]
[EventCountry "ESP"]
[Source "lmi"]
[SourceDate "2003.11.21"]

1. e4 e6 2. d4 d5 3. Nc3 Nf6 4. Bd3 dxe4 5. Nxe4 Nbd7 6. Qe2 c5 7. Nxf6+ Nxf6
8. dxc5 Bxc5 9. Nf3 O-O 10. O-O b6 11. Bg5 Bb7 12. Rad1 Qc7 13. Bxf6 gxf6 14.
Be4 Rfd8 15. c3 Rac8 16. Nd2 f5 17. Bxb7 Qxb7 18. Qh5 Qe7 19. Nb3 Rxd1 20. Rxd1
Rd8 21. Nxc5 Rxd1+ 22. Qxd1 Qxc5 23. Qd8+ Kg7 24. Qg5+ Kf8 25. Qd8+ Kg7 1/2-1/2

[Event "Benidorm 2003 - sub2300"]
[Site "Benidorm ESP"]
[Date "2003.11.26"]
[Round "7.2"]
[White "Castillo Gallego, Sergio"]
[Black "Lacrosse, Marc"]
[Result "0-1"]
[WhiteElo "2204"]
[BlackElo "2255"]
[PlyCount "64"]
[EventDate "2003.11.21"]
[EventType "swiss"]
[EventRounds "9"]
[EventCountry "ESP"]
[Source "lmi"]
[SourceDate "2003.11.21"]

1. e4 e5 2. Nf3 Nc6 3. Bb5 a6 4. Ba4 Nf6 5. d3 d6 6. c3 g6 7. Nbd2 Bg7 8. Nf1
O-O 9. Ng3 Nd7 10. Bc2 Qe7 11. O-O Nd8 12. Ne1 Ne6 13. Ne2 f5 14. exf5 Rxf5 15.
d4 Rf8 16. dxe5 Nxe5 17. f4 Nf7 18. Ng3 Nh6 19. f5 Nxf5 20. Nxf5 gxf5 21. Bxf5
Qd7 22. Qe2 Kh8 23. Nd3 Rxf5 24. Rxf5 Nd4 25. cxd4 Qxf5 26. Be3 Qe4 27. Nf2 Qd5
28. Rf1 Bd7 29. Ng4 Re8 30. Nf6 Bxf6 31. Rxf6 Qe4 32. Qf2 Qb1+ 0-1

[Event "Benidorm 2003 - sub2300"]
[Site "Benidorm ESP"]
[Date "2003.11.26"]
[Round "7.3"]
[White "Fenollar Jorda, Manuel"]
[Black "Agayev, Nidjat"]
[Result "1/2-1/2"]
[WhiteElo "2251"]
[BlackElo "2203"]
[PlyCount "28"]
[EventDate "2003.11.21"]
[EventType "swiss"]
[EventRounds "9"]
[EventCountry "ESP"]
[Source "lmi"]
[SourceDate "2003.11.21"]

1. e4 e5 2. Nf3 Nf6 3. Nxe5 d6 4. Nf3 Nxe4 5. Nc3 Nxc3 6. dxc3 Be7 7. Bf4 O-O
8. Qd2 Nd7 9. O-O-O Nc5 10. Be3 Bf6 11. Nd4 Re8 12. h4 Ne4 13. Qd3 c5 14. Nf3
Qa5 1/2-1/2

[Event "Benidorm 2003 - sub2300"]
[Site "Benidorm ESP"]
[Date "2003.11.26"]
[Round "7.5"]
[White "Zurmely, Frank"]
[Black "Buenafe Moya, Javier"]
[Result "1-0"]
[WhiteElo "2235"]
[BlackElo "2298"]
[PlyCount "91"]
[EventDate "2003.11.21"]
[EventType "swiss"]
[EventRounds "9"]
[EventCountry "ESP"]
[Source "lmi"]
[SourceDate "2003.11.21"]

1. e4 e5 2. f4 exf4 3. Nf3 d6 4. Bc4 g5 5. h4 g4 6. Ng5 Nh6 7. d4 Bg7 8. Bxf4
Nc6 9. Be3 Na5 10. Be2 d5 11. Qd2 Nc4 12. Bxc4 dxc4 13. Nc3 c5 14. d5 Qa5 15.
Ne6 fxe6 16. Bxh6 Bd4 17. Be3 e5 18. O-O Qb6 19. Kh1 h6 20. Nd1 Qg6 21. c3 g3
22. cxd4 Qg4 23. Rf3 Qxh4+ 24. Kg1 cxd4 25. Bxd4 Bg4 26. Rxg3 Qxg3 27. Bf2 Qd3
28. Qb4 Rh7 29. Ne3 h5 30. Nxc4 Be2 31. Nxe5 Qa6 32. Re1 Re7 33. Qc3 h4 34.
Bxh4 Rh7 35. Qg3 Kf8 36. Qf4+ Kg8 37. Qe3 Bb5 38. Ng4 Rf8 39. Qg5+ Kh8 40. Qe5+
Rg7 41. Bf6 Qb6+ 42. Re3 Rxf6 43. Qxf6 Qc5 44. Kh2 Bd7 45. Rh3+ Kg8 46. Nh6+
1-0

[Event "Benidorm 2003 - sub2300"]
[Site "Benidorm ESP"]
[Date "2003.11.26"]
[Round "7.6"]
[White "Gonzalez Valero, Julio"]
[Black "Ferron Garcia, Carlos"]
[Result "1/2-1/2"]
[WhiteElo "2231"]
[BlackElo "2279"]
[PlyCount "80"]
[EventDate "2003.11.21"]
[EventType "swiss"]
[EventRounds "9"]
[EventCountry "ESP"]
[Source "lmi"]
[SourceDate "2003.11.21"]

1. c4 e5 2. Nc3 Nf6 3. Nf3 Nc6 4. e4 Bb4 5. d3 Bxc3+ 6. bxc3 d6 7. Be2 O-O 8.
O-O Bg4 9. Ne1 Bxe2 10. Qxe2 Nd7 11. Nc2 f5 12. exf5 Rxf5 13. Ne3 Rf7 14. Nd5
Nb6 15. Qg4 Qd7 16. Qxd7 Rxd7 17. Rb1 Ne7 18. Nxe7+ Rxe7 19. Be3 Rd7 20. Rb4 c5
21. Rb3 e4 22. dxe4 Nxc4 23. Re1 Re8 24. f3 b6 25. Rbb1 h6 26. Rbd1 Ree7 27.
Kf2 b5 28. g4 a5 29. g5 hxg5 30. Bxg5 Rf7 31. Ke2 b4 32. f4 Nb2 33. Rc1 c4 34.
Rc2 Nd3 35. Rb1 d5 36. exd5 Nxf4+ 37. Bxf4 Rxf4 38. cxb4 Re7+ 39. Kd2 axb4 40.
Rxb4 Ree4 1/2-1/2

[Event "Benidorm 2003 - sub2300"]
[Site "Benidorm ESP"]
[Date "2003.11.26"]
[Round "7.8"]
[White "Manea, Alexandru"]
[Black "Cordon Gutierrez, Juan Pedro"]
[Result "1-0"]
[WhiteElo "2265"]
[BlackElo "2209"]
[PlyCount "77"]
[EventDate "2003.11.21"]
[EventType "swiss"]
[EventRounds "9"]
[EventCountry "ESP"]
[Source "lmi"]
[SourceDate "2003.11.21"]

1. e4 c6 2. Nc3 d5 3. Nf3 e6 4. d4 Bb4 5. e5 Nd7 6. a3 Ba5 7. Be3 Ne7 8. Bd3
Bc7 9. Ne2 c5 10. c3 Nc6 11. Nf4 c4 12. Bc2 b5 13. h4 h6 14. Rh3 Ndxe5 15. dxe5
Nxe5 16. Nxe5 Bxe5 17. Qh5 Qc7 18. Ne2 Bd6 19. f4 O-O 20. Rg3 f5 21. Qxh6 e5
22. O-O-O d4 23. cxd4 e4 24. d5 Rf7 25. Qg6 a5 26. Nd4 Bxf4 27. Nxb5 Bxe3+ 28.
Rxe3 Qc5 29. Nd4 Ra6 30. Qg5 Rd6 31. Ne6 Qb6 32. Rc3 Rb7 33. b3 Bxe6 34. dxe6
Rxd1+ 35. Bxd1 Qxe6 36. Rxc4 a4 37. Rxa4 Qe5 38. Ra8+ Kf7 39. Bh5+ 1-0

[Event "Benidorm 2003 - sub2300"]
[Site "Benidorm ESP"]
[Date "2003.11.26"]
[Round "7.9"]
[White "De la Cruz Sanchez, C Gustavo"]
[Black "Serrano Marhuenda, Salvador"]
[Result "1/2-1/2"]
[WhiteElo "2259"]
[BlackElo "2197"]
[PlyCount "45"]
[EventDate "2003.11.21"]
[EventType "swiss"]
[EventRounds "9"]
[EventCountry "ESP"]
[Source "lmi"]
[SourceDate "2003.11.21"]

1. e4 c5 2. Nf3 e6 3. c3 Nc6 4. d4 cxd4 5. cxd4 d5 6. Nc3 dxe4 7. Nxe4 Be7 8.
Bd3 Nf6 9. O-O O-O 10. Bb1 Nxe4 11. Bxe4 Bf6 12. Be3 Bd7 13. a3 Re8 14. Rc1 Rc8
15. Bb1 g6 16. Qd3 e5 17. dxe5 Nxe5 18. Nxe5 Bxe5 19. Rxc8 Bxc8 20. Qxd8 Rxd8
21. Bxa7 Bxb2 22. Bc5 Be6 23. h3 1/2-1/2

[Event "Benidorm 2003 - sub2300"]
[Site "Benidorm ESP"]
[Date "2003.11.26"]
[Round "7.10"]
[White "Angel Acosta, Juan Carlos"]
[Black "Roofdhooft, Marcel"]
[Result "1-0"]
[WhiteElo "2151"]
[BlackElo "2257"]
[PlyCount "121"]
[EventDate "2003.11.21"]
[EventType "swiss"]
[EventRounds "9"]
[EventCountry "ESP"]
[Source "lmi"]
[SourceDate "2003.11.21"]

1. d4 d5 2. Nf3 Nf6 3. c4 c6 4. Qc2 e6 5. Nc3 Nbd7 6. e3 Bb4 7. Bd3 dxc4 8.
Bxc4 O-O 9. O-O c5 10. dxc5 Bxc5 11. e4 Qc7 12. Nb5 Qb8 13. Bd3 a6 14. Nc3 h5
15. Ne2 Bd6 16. h3 Nc5 17. e5 Nxd3 18. exf6 Nxc1 19. Qxc1 Be5 20. Nxe5 Qxe5 21.
fxg7 Qxg7 22. Rd1 e5 23. Rd3 Kh8 24. Rg3 Qf6 25. Nc3 Bf5 26. Qe3 Rg8 27. Re1
Rxg3 28. fxg3 Re8 29. Rf1 Qe6 30. g4 Bh7 31. Ne2 Kg7 32. Ng3 Bg6 33. b3 Rd8 34.
Nf5+ Bxf5 35. gxf5 Qf6 36. Qe4 b5 37. Re1 Rd2 38. Re3 Kh7 39. Rg3 Rd4 40. Qf3
Rd8 41. a4 bxa4 42. bxa4 Rg8 43. Rxg8 Kxg8 44. a5 Kg7 45. Qe4 Qd6 46. Kh2 Qd4
47. f6+ Kxf6 48. Qc6+ Kg7 49. Qxa6 e4 50. Qb6 Qe5+ 51. Kg1 e3 52. Qb4 Qd5 53.
Qe1 Qd4 54. Kf1 f5 55. g3 h4 56. a6 hxg3 57. Qxg3+ Kh6 58. h4 Qa1+ 59. Kg2 Qa2+
60. Kg1 e2 61. Qg5+ 1-0

[Event "Benidorm 2003 - sub2300"]
[Site "Benidorm ESP"]
[Date "2003.11.26"]
[Round "7.11"]
[White "Rodriguez Gonzalez, Javier"]
[Black "Pallardo Lozoya, Jose Vicente"]
[Result "1/2-1/2"]
[WhiteElo "2249"]
[BlackElo "2117"]
[PlyCount "56"]
[EventDate "2003.11.21"]
[EventType "swiss"]
[EventRounds "9"]
[EventCountry "ESP"]
[Source "lmi"]
[SourceDate "2003.11.21"]

1. d4 c5 2. c3 cxd4 3. cxd4 d5 4. Nc3 Nc6 5. Nf3 g6 6. Bf4 Bg7 7. e3 Nf6 8. h3
O-O 9. Bd3 Qa5 10. O-O Bf5 11. Bxf5 gxf5 12. Ne5 e6 13. Nxc6 bxc6 14. Bd6 Rfd8
15. Bc5 Bf8 16. Bxf8 Kxf8 17. Na4 Nd7 18. Qc2 Rdc8 19. Rac1 Rab8 20. b3 Rc7 21.
Qe2 c5 22. Qh5 c4 23. Qxh7 cxb3 24. axb3 Rxb3 25. Qh8+ Ke7 26. Qh4+ Ke8 27.
Qh8+ Ke7 28. Qh4+ Ke8 1/2-1/2

[Event "Benidorm 2003 - sub2300"]
[Site "Benidorm ESP"]
[Date "2003.11.26"]
[Round "7.13"]
[White "Buxade Roca, Guillermo"]
[Black "Renteria Becerra, Jorge Eliecer"]
[Result "1-0"]
[WhiteElo "2202"]
[BlackElo "2281"]
[PlyCount "83"]
[EventDate "2003.11.21"]
[EventType "swiss"]
[EventRounds "9"]
[EventCountry "ESP"]
[Source "lmi"]
[SourceDate "2003.11.21"]

1. e4 c5 2. Nc3 Nc6 3. g3 g6 4. Bg2 Bg7 5. d3 Rb8 6. Be3 b5 7. Qd2 b4 8. Nd1 d6
9. Ne2 Nd4 10. O-O e5 11. c3 Nxe2+ 12. Qxe2 bxc3 13. bxc3 Ne7 14. f4 O-O 15.
fxe5 Bxe5 16. Bh6 Bg7 17. Bxg7 Kxg7 18. Ne3 Qa5 19. Qc2 Be6 20. d4 cxd4 21.
cxd4 d5 22. Qf2 f6 23. Qf4 Rb6 24. Rac1 g5 25. Qc7 Rf7 26. Qc5 Rb5 27. Qc2 Qb6
28. Qc3 dxe4 29. Bxe4 Rb4 30. Rcd1 Bxa2 31. Rd2 Be6 32. Bc2 Nd5 33. Qd3 Nxe3
34. Qxe3 Bb3 35. Bxb3 Rxb3 36. Qf2 a5 37. d5 Qd6 38. Qd4 Rb4 39. Qc3 a4 40.
Rdf2 Rb5 41. Qc4 a3 42. Qxb5 1-0

[Event "Benidorm 2003 - sub2300"]
[Site "Benidorm ESP"]
[Date "2003.11.26"]
[Round "7.14"]
[White "Serra Olives, Tomas"]
[Black "Madina, Martin"]
[Result "0-1"]
[WhiteElo "2200"]
[BlackElo "2262"]
[PlyCount "110"]
[EventDate "2003.11.21"]
[EventType "swiss"]
[EventRounds "9"]
[EventCountry "ESP"]
[Source "lmi"]
[SourceDate "2003.11.21"]

1. e4 c5 2. Nf3 d6 3. d4 cxd4 4. Nxd4 Nf6 5. Nc3 a6 6. Be3 e6 7. Qd2 Ng4 8. Bg5
f6 9. Bh4 g5 10. Bg3 h5 11. h3 Ne5 12. O-O-O Nbc6 13. Kb1 Bd7 14. Nb3 b5 15.
Bd3 b4 16. Na4 a5 17. f4 gxf4 18. Bf2 Rb8 19. Be2 Ng6 20. Nc1 Nce5 21. b3 Bxa4
22. bxa4 Qc7 23. Bd4 Be7 24. Bb5+ Kf7 25. Ne2 Nc4 26. Qd3 Na3+ 27. Kb2 Rhc8 28.
Rc1 Nxb5 29. axb5 Qc4 30. Qxc4 Rxc4 31. Kb3 d5 32. exd5 exd5 33. b6 Bd6 34.
Rhd1 Re8 35. Ng1 Ne7 36. Nf3 Rg8 37. Rd2 Nc6 38. Re1 a4+ 39. Kb2 Nxd4 40. Rxd4
Rxg2 41. Rxc4 dxc4 42. Rd1 a3+ 43. Kc1 b3 44. axb3 cxb3 45. Nd4 a2 46. Kb2 Be5
47. Kxb3 Bxd4 48. b7 Be5 49. Kxa2 Rxc2+ 50. Ka3 Rc6 51. Rd7+ Ke6 52. Rh7 Ra6+
53. Kb4 Rb6+ 54. Kc5 Rb1 55. Kc6 f3 0-1

[Event "Benidorm 2003 - sub2300"]
[Site "Benidorm ESP"]
[Date "2003.11.26"]
[Round "7.15"]
[White "Bosque Ortega, Xavier"]
[Black "Bayon Fernandez, Rogelio"]
[Result "0-1"]
[WhiteElo "2258"]
[BlackElo "2196"]
[PlyCount "101"]
[EventDate "2003.11.21"]
[EventType "swiss"]
[EventRounds "9"]
[EventCountry "ESP"]
[Source "lmi"]
[SourceDate "2003.11.21"]

1. d4 c5 2. c3 cxd4 3. cxd4 g6 4. Nf3 Bg7 5. Bf4 Nf6 6. Nc3 O-O 7. e3 d6 8. h3
Qb6 9. Qd2 Nc6 10. Be2 Rd8 11. O-O e5 12. Bg5 Ne7 13. Rac1 Qa5 14. Rfd1 Nc6 15.
Bxf6 Bxf6 16. Ne4 Be7 17. Qxa5 Nxa5 18. dxe5 dxe5 19. Rxd8+ Bxd8 20. Nxe5 Be6
21. b4 Nc6 22. Nxc6 bxc6 23. Bc4 Bxc4 24. Rxc4 Be7 25. Rxc6 Bxb4 26. Nf6+ Kg7
27. Nd5 a5 28. g3 Bf8 29. Rc7 a4 30. Nf4 Ra6 31. Nd3 Bd6 32. Rd7 a3 33. e4 Bf8
34. Ne5 Rf6 35. f4 h5 36. h4 Bd6 37. Nf3 Kf8 38. Kg2 Be7 39. Rd2 Rb6 40. Kf2
Rb2 41. Rxb2 axb2 42. Nd2 Bb4 43. Nb1 Ke7 44. Ke2 Kd6 45. Kf2 Kc5 46. Ke2 Kd4
47. e5 Ke4 48. a4 Kd4 49. a5 Bxa5 50. Na3 Bb4 51. Nb1 0-1

[Event "Benidorm 2003 - sub2300"]
[Site "Benidorm ESP"]
[Date "2003.11.26"]
[Round "7.17"]
[White "Villa Izquierdo, Roberto"]
[Black "Tebar Moreno, Juan Carlos"]
[Result "0-1"]
[WhiteElo "2183"]
[BlackElo "2254"]
[PlyCount "76"]
[EventDate "2003.11.21"]
[EventType "swiss"]
[EventRounds "9"]
[EventCountry "ESP"]
[Source "lmi"]
[SourceDate "2003.11.21"]

1. d4 d5 2. Nf3 Nc6 3. h3 Nf6 4. Bf4 e6 5. e3 a6 6. Nbd2 Be7 7. c3 O-O 8. Bd3
Nb8 9. O-O c5 10. Ne5 Nbd7 11. Nxd7 Bxd7 12. Bg5 Rc8 13. f4 Bb5 14. Bxb5 axb5
15. Bxf6 Bxf6 16. Nf3 b4 17. Ne5 bxc3 18. bxc3 cxd4 19. cxd4 Bxe5 20. fxe5 Rc4
21. Qb3 Qe7 22. Rac1 Rfc8 23. Rxc4 dxc4 24. Qc3 b5 25. Rb1 Qd7 26. e4 h6 27.
Kh1 Qc6 28. Qc2 Rd8 29. Rd1 b4 30. Kg1 c3 31. Kf2 Ra8 32. d5 Qc4 33. Ke3 Rxa2
34. Qd3 exd5 35. exd5 Qh4 36. Rf1 Rd2 37. Qf5 Qd4+ 38. Kf3 Rd3+ 0-1

[Event "Benidorm 2003 - sub2300"]
[Site "Benidorm ESP"]
[Date "2003.11.26"]
[Round "7.18"]
[White "Rosa Cintas, Raul"]
[Black "Alonso Moyano, Jonathan"]
[Result "1-0"]
[WhiteElo "2144"]
[BlackElo "2244"]
[PlyCount "123"]
[EventDate "2003.11.21"]
[EventType "swiss"]
[EventRounds "9"]
[EventCountry "ESP"]
[Source "lmi"]
[SourceDate "2003.11.21"]

1. d4 e6 2. c4 c5 3. e3 Nf6 4. Nc3 cxd4 5. exd4 d5 6. Nf3 Be7 7. Ne5 O-O 8. Be3
b6 9. Be2 dxc4 10. Nxc4 Bb7 11. O-O Na6 12. Bf3 Nd5 13. Nxd5 Bxd5 14. Ne5 Nb4
15. a3 Bxf3 16. Qxf3 Nd5 17. Rac1 a5 18. Rc2 Rc8 19. Nc6 Qd6 20. Rfc1 Bf6 21.
Qg3 Qd7 22. Bg5 Kh8 23. Bxf6 gxf6 24. Qh4 Rg8 25. b4 Qd6 26. g3 Rg7 27. bxa5
bxa5 28. Rc5 Rcg8 29. Rxa5 Rg4 30. Qh6 R4g6 31. Qd2 h5 32. Nb4 h4 33. Nxd5 exd5
34. Rc3 h3 35. Rac5 f5 36. Qe2 Qd7 37. Rc7 Re8 38. Qxe8+ Qxe8 39. Rc8 Re6 40.
Rxe8+ Rxe8 41. Kf1 Rb8 42. Ke2 Rb2+ 43. Kf3 Rb1 44. g4 Rg1 45. gxf5 Rg2 46. a4
Rxh2 47. Kg4 Rg2+ 48. Kxh3 Rxf2 49. Ra3 Rxf5 50. a5 Kg7 51. a6 Rh5+ 52. Kg4 Rh8
53. a7 Ra8 54. Kf5 Kf8 55. Ke5 Ke7 56. Kxd5 Kd7 57. Ke5 Ke7 58. Ra6 Kd7 59. d5
Ke7 60. Kf5 Kd7 61. Kf6 Ke8 62. d6 1-0

[Event "Benidorm 2003 - sub2300"]
[Site "Benidorm ESP"]
[Date "2003.11.26"]
[Round "7.19"]
[White "Panic, Nikola"]
[Black "Lada, Ireneusz"]
[Result "0-1"]
[WhiteElo "2236"]
[BlackElo "2192"]
[PlyCount "66"]
[EventDate "2003.11.21"]
[EventType "swiss"]
[EventRounds "9"]
[EventCountry "ESP"]
[Source "lmi"]
[SourceDate "2003.11.21"]

1. e4 d6 2. d4 Nf6 3. f3 g6 4. c4 Bg7 5. Be3 Nc6 6. Bd3 e5 7. d5 Nd4 8. Ne2
Nxe2 9. Qxe2 c5 10. Qd2 Bd7 11. Nc3 a6 12. a4 O-O 13. O-O Ne8 14. Rfb1 a5 15.
Bg5 f6 16. Bh4 Qb6 17. Nb5 Bxb5 18. axb5 Qd8 19. b6 Qxb6 20. Be1 Nc7 21. Rxa5
Bh6 22. Qc3 Be3+ 23. Kf1 Bd4 24. Qa3 Na6 25. Rb5 Qc7 26. Qb3 Rf7 27. g4 Kh8 28.
Ba5 Qe7 29. Kg2 f5 30. exf5 gxf5 31. Bxf5 Rxf5 32. gxf5 Qg5+ 33. Kh1 Rg8 0-1